[Event "World Junior U20 Girls 2018"]
[Site "Gebze"]
[Date "2018.09.11"]
[Round "7"]
[White "Koljevic, Nikolina"]
[Black "Nastase, Andreea-Cristina"]
[Result "1/2-1/2"]
[WhiteElo "1898"]
[BlackElo "1983"]
[Annotator "NA RC"]
[PlyCount "127"]
[EventDate "2018.09.05"]
[EventType "swiss"]
[EventCountry "TUR"]
[SourceTitle "playchess.com"]
[Source "ChessBase"]
[SourceQuality "1"]
[TimeControl "40/5400+30:1800+30"]

1. e4 {[%emt 0:00:30]} c5 {[%emt 0:00:30]} 2. Nf3 {[%emt 0:00:30]} d6 {[%emt 0:00:30]} 3. d4 {[%emt 0:00:30]} cxd4 {[%emt 0:00:00]} 4. Qxd4 {[%emt 0:00:00]} a6 {[%emt 0:00:00]} 5. Be3 {[%emt 0:00:00]} Nc6 {[%emt 0:00:00]} 6. Qd2 {[%emt 0:00:00]} Nf6 {[%emt 0:00:00]} 7. Nc3 {[%emt 0:00:00]} e6 {[%emt 0:00:00]} 8. O-O-O {[%emt 0:00:00]} Be7 {[%emt 0:00:00] LiveBook: 40 Games B53: Sicilian: 2...d6: Lines with Qxd4} (8... Qc7 9. Bf4 Ng4 10. Kb1 Bd7 11. h3 Nge5 12. Nd4 Rc8 13. Nxc6 Bxc6 14. Bg3 Be7 15. f4 Nd7 16. f5 e5 {0-1 (40) Zelcic,R (2501)-Rodshtein,M (2699) Katowice 2017}) 9. Nd4 {[%emt 0:01:00]} Ng4 $146 {[%emt 0:02:30]} ({Predecessor:} 9... Bd7 10. f3 Rc8 11. Qf2 O-O 12. g4 Ne5 13. Kb1 b5 14. g5 Ne8 15. Bd3 Nc4 16. Bxc4 Rxc4 {0-1 (47) Mihalecz,A (2093)-Suranyi,P (2131) Hungary 2010}) 10. Kb1 {[%emt 0:03:30]} Nxe3 {[%emt 0:01:30]} 11. Qxe3 {[%emt 0:00:30]} Nxd4 {[%emt 0:01:30]} 12. Qxd4 {[%emt 0:00:30]} O-O {[%emt 0:00:30]} 13. f3 {[%emt 0:02:30]} Qc7 {[%emt 0:01:30]} 14. Qc4 {[%emt 0:01:30]} Qxc4 {[%emt 0:01:30]} 15. Bxc4 {[%emt 0:00:30]} b5 {[%emt 0:00:00]} 16. Bb3 {[%emt 0:00:00]} Bb7 {[%emt 0:00:00]} 17. a4 {[%emt 0:01:00]} b4 {[%emt 0:02:30]} 18. Ne2 {[%emt 0:00:30]} Rfd8 {[%emt 0:00:30]} 19. Rd4 {[%emt 0:01:30]} a5 {[%emt 0:02:30]} 20. Rhd1 {[%emt 0:00:30]} Ba6 {[%emt 0:02:30]} 21. Ng3 {[%emt 0:02:30]} g6 {[%emt 0:01:30]} 22. Nh1 {[%emt 0:09:30]} Rac8 {[%emt 0:01:30]} 23. Ng3 {[%emt 0:03:30]} h5 {[%emt 0:03:30]} 24. f4 {[%emt 0:00:30]} h4 {[%emt 0:01:30]} 25. Nf1 {[%emt 0:00:30]} e5 {[%emt 0:07:30]} 26. fxe5 {[%emt 0:03:30]} dxe5 {[%emt 0:00:00]} 27. Rd7 {[%emt 0:08:30]} Be2 {[%emt 0:02:00]} 28. R1d5 $11 {[%emt 0:06:30]} Rxd7 {[%emt 0:17:30]} 29. Rxd7 {[%emt 0:00:30]} Bxf1 {[%emt 0:00:30]} 30. Rxe7 {[%emt 0:00:30]} Bc4 {[%emt 0:00:00]} 31. Rxe5 {[%emt 0:08:30]} Bxb3 {[%emt 0:00:00]} 32. cxb3 {[%emt 0:00:30]} Ra8 {[%emt 0:00:30]} 33. Kc2 {[%emt 0:00:30]} Kg7 {[%emt 0:00:30]} 34. Kd3 {[%emt 0:00:30]} f6 {[%emt 0:00:30]} 35. Rc5 {[%emt 0:00:30]} g5 {[%emt 0:00:30]} 36. Ke3 {[%emt 0:09:30]} Kg6 {[%emt 0:04:30]} 37. g3 {[%emt 0:03:30]} hxg3 {[%emt 0:01:30]} 38. hxg3 {[%emt 0:00:30]} Ra7 {[%emt 0:02:30]} 39. g4 {[%emt 0:03:30]} Rh7 {[%emt 0:01:30]} 40. Rxa5 {[%emt 0:00:00]} Rh3+ {[%emt 0:00:00]} 41. Kd4 {[%emt 0:02:00]} Rxb3 {[%emt 0:01:00]} 42. Rb5 {[%emt 0:01:30]} Rxb2 {[%emt 0:00:00]} 43. Rb6 {[%emt 0:00:00]} Rg2 {[%emt 0:05:00]} 44. e5 {[%emt 0:02:00]} Rxg4+ {[%emt 0:00:30]} 45. Ke3 {[%emt 0:00:00]} b3 {[%emt 0:01:30]} 46. Rxf6+ {[%emt 0:02:00]} Kg7 {[%emt 0:02:30]} 47. Rb6 {[%emt 0:00:30]} Rxa4 {[%emt 0:00:30]} 48. Rxb3 {[%emt 0:00:30]} Kg6 {[%emt 0:00:00]} 49. Rb5 {[%emt 0:00:30]} Ra1 {[%emt 0:01:00]} 50. Kf3 {[%emt 0:01:30]} Rf1+ {[%emt 0:01:30]} 51. Kg4 {[%emt 0:00:30]} Rf4+ {[%emt 0:01:30]} 52. Kg3 {[%emt 0:00:30]} Re4 {[%emt 0:01:30]} 53. Kf3 {[%emt 0:00:30]} Re1 {[%emt 0:00:00]} 54. Kg4 {[%emt 0:00:30]} Rg1+ {[%emt 0:00:00]} 55. Kf3 {[%emt 0:00:00]} Kf5 {[%emt 0:00:30]} 56. Ra5 {[%emt 0:02:00]} Ke6 {[%emt 0:02:30]} 57. Ke4 {[%emt 0:00:30]} Re1+ {[%emt 0:00:30]} 58. Kf3 {[%emt 0:00:00]} Rxe5 {[%emt 0:00:00]} 59. Rxe5+ {[%emt 0:00:00]} Kxe5 {[%emt 0:00:00]} 60. Kg4 {[%emt 0:00:30]} Kf6 {[%emt 0:00:00]} 61. Kg3 {[%emt 0:00:30]} Kf5 {[%emt 0:00:00]} 62. Kf3 {[%emt 0:00:30]} g4+ {[%emt 0:00:30]} 63. Kg3 {[%emt 0:00:30]} Kg5 {[%emt 0:00:30]} 64. Kg2 {[%emt 0:00:30]} 1/2-1/2

[Event "World Junior U20 Girls 2018"]
[Site "Gebze"]
[Date "2018.09.11"]
[Round "7"]
[White "Aydin, Gulenay"]
[Black "Celik, Eda"]
[Result "0-1"]
[WhiteElo "1882"]
[BlackElo "1970"]
[Annotator "NA"]
[PlyCount "80"]
[EventDate "2018.09.05"]
[EventType "swiss"]
[EventCountry "TUR"]
[SourceTitle "playchess.com"]
[Source "ChessBase"]
[SourceQuality "1"]
[TimeControl "40/5400+30:1800+30"]

1. e4 {[%emt 0:00:30]} e5 {[%emt 0:00:30]} 2. Nf3 {[%emt 0:00:30]} Nc6 {[%emt 0:00:00]} 3. Nc3 {[%emt 0:00:30]} Nf6 {[%emt 0:00:00]} 4. Bb5 {[%emt 0:00:00]} Bb4 {[%emt 0:01:30]} 5. O-O {[%emt 0:00:00]} O-O {[%emt 0:00:30]} 6. d3 {[%emt 0:00:30]} d6 {[%emt 0:00:30]} 7. Bg5 {[%emt 0:00:30]} Ne7 {[%emt 0:04:30]} 8. Nh4 {[%emt 0:02:30] C49: Four Knights: 4 Bb5 Bb4} (8. Bxf6 gxf6 9. Nh4 Bxc3 10. bxc3 f5 11. Qh5 fxe4 12. dxe4 Ng6 13. Nf5 Qf6 14. g3 Bxf5 15. exf5 Ne7 16. Bd3 d5 17. f3 Kh8 18. Kh1 {½-½ (67) Yeoh,L (2497)-Wang,H (2711) Kuala Lumpur 2018}) 8... c6 {[%emt 0:01:30]} 9. Ba4 {[%emt 0:02:30]} Nd7 {[%emt 0:05:30]} 10. Bb3 {[%emt 0:10:30]} Nc5 {[%emt 0:07:30]} 11. Ne2 {[%emt 0:10:30]} Nxb3 {[%emt 0:01:30]} 12. axb3 {[%emt 0:00:00]} Bc5 $146 {[%emt 0:06:30]} ({Predecessor:} 12... d5 13. Ng3 f6 14. Be3 a5 15. h3 Be6 {0-1 (46) Fischvogt,E-Maierhofer,J (2203) ICCF email 2014}) 13. Ng3 {[%emt 0:06:00]} f6 {[%emt 0:03:30]} 14. Be3 {[%emt 0:00:30]} Bxe3 {[%emt 0:03:30]} 15. fxe3 {[%emt 0:00:30]} d5 {[%emt 0:04:30]} 16. exd5 {[%emt 0:05:30]} cxd5 {[%emt 0:06:30]} 17. d4 {[%emt 0:03:30]} Be6 {[%emt 0:11:30]} 18. Nf3 {[%emt 0:08:30]} e4 {[%emt 0:00:30]} 19. Nd2 {[%emt 0:00:30]} f5 {[%emt 0:10:30]} 20. Ne2 {[%emt 0:11:30]} g5 {[%emt 0:01:30]} 21. c4 {[%emt 0:02:30]} a6 {[%emt 0:07:30]} 22. h4 {[%emt 0:08:30]} gxh4 $15 {[%emt 0:05:21]} 23. Nf4 {[%emt 0:02:30]} Bf7 {[%emt 0:00:30]} 24. Qe1 {[%emt 0:02:30]} Ng6 {[%emt 0:02:12]} 25. Kh1 {[%emt 0:06:24]} Rc8 {[%emt 0:02:48]} 26. Rc1 {[%emt 0:02:53]} Kh8 {[%emt 0:04:07]} 27. Nxg6+ {[%emt 0:04:23]} hxg6 {[%emt 0:00:50]} 28. Rf4 {[%emt 0:00:34]} Kg7 {[%emt 0:02:17]} 29. Rxh4 {[%emt 0:01:05]} g5 {[%emt 0:04:02]} 30. Rh2 {[%emt 0:00:45]} Qc7 {[%emt 0:01:16]} 31. Qe2 {[%emt 0:03:54]} Rh8 {[%emt 0:00:49]} 32. g4 {[%emt 0:03:05]} Rxh2+ {[%emt 0:00:33]} 33. Qxh2 {[%emt 0:00:40]} Rh8 {[%emt 0:01:33]} 34. Qxh8+ {[%emt 0:01:50]} Kxh8 {[%emt 0:00:30]} 35. Kg2 {[%emt 0:00:30]} f4 {[%emt 0:00:30]} 36. Nf1 {[%emt 0:00:30]} f3+ {[%emt 0:00:30]} 37. Kf2 {[%emt 0:00:30]} Be6 {[%emt 0:00:30]} 38. Rc3 {[%emt 0:00:30]} Qh7 {[%emt 0:00:31]} 39. cxd5 {[%emt 0:00:22]} Qh4+ {[%emt 0:00:27]} 40. Ng3 {[%emt 0:00:00]} Qh2+ {[%emt 0:00:00]} 0-1

[Event "World Junior U20 Girls 2018"]
[Site "Gebze"]
[Date "2018.09.11"]
[Round "7"]
[White "Sade, Defne"]
[Black "Esti, Kubra Selenay"]
[Result "1-0"]
[WhiteElo "1826"]
[BlackElo "1662"]
[Annotator "NA"]
[PlyCount "87"]
[EventDate "2018.09.05"]
[EventType "swiss"]
[EventCountry "TUR"]
[SourceTitle "playchess.com"]
[Source "ChessBase"]
[SourceQuality "1"]
[TimeControl "40/5400+30:1800+30"]

1. e4 {[%emt 0:00:30]} g6 {[%emt 0:00:30]} 2. d4 {[%emt 0:00:00]} Bg7 {[%emt 0:00:30]} 3. Nf3 {[%emt 0:00:00]} c6 {[%emt 0:00:00]} 4. Bc4 {[%emt 0:00:30]} d5 {[%emt 0:02:00] B06: Modern Defence} 5. exd5 {[%emt 0:00:30]} cxd5 {[%emt 0:00:30]} 6. Bd3 {[%emt 0:00:30]} Bg4 {[%emt 0:01:30]} 7. c3 {[%emt 0:00:00]} e6 {[%emt 0:07:30]} (7... Nc6 8. h3 Bxf3 9. Qxf3 Nf6 10. O-O O-O 11. Qe3 {0-1 (41) Nenezic,D (2116)-Kalezic,B (2463) Sarajevo 2018}) 8. h3 $146 {[%emt 0:01:00]} ({Predecessor:} 8. O-O Ne7 9. Bg5 O-O 10. Re1 Nbc6 11. Nbd2 Qc7 12. Qc2 Bxf3 13. Nxf3 {½-½ (31) Hennemann,F-Loesch,A Gernsheim 2013}) 8... Bxf3 {[%emt 0:00:30]} 9. Qxf3 {[%emt 0:00:30]} Nd7 {[%emt 0:05:30]} 10. O-O {[%emt 0:03:30]} Ne7 {[%emt 0:01:30]} 11. Re1 {[%emt 0:02:30]} O-O {[%emt 0:10:30]} 12. Bf4 {[%emt 0:04:30]} Qb6 {[%emt 0:06:30]} 13. Qe2 {[%emt 0:02:30]} Nc6 {[%emt 0:07:30]} 14. Be3 {[%emt 0:07:30]} Rfe8 {[%emt 0:07:30]} 15. f4 {[%emt 0:06:30]} f6 {[%emt 0:08:30]} 16. Qf2 {[%emt 0:04:30]} Qc7 {[%emt 0:06:30]} 17. Na3 {[%emt 0:02:30]} a6 {[%emt 0:00:30]} 18. Nc2 {[%emt 0:01:30]} Na5 {[%emt 0:04:30]} 19. Rad1 {[%emt 0:00:30]} Rac8 {[%emt 0:00:30]} 20. Bc1 {[%emt 0:00:30]} Nc4 {[%emt 0:03:30]} 21. Re2 {[%emt 0:15:30]} Qb6 {[%emt 0:04:40]} 22. Bxc4 {[%emt 0:01:30]} Rxc4 {[%emt 0:00:53]} 23. Rde1 {[%emt 0:00:30]} Rcc8 {[%emt 0:02:23]} 24. Nb4 {[%emt 0:07:30]} Qd6 {[%emt 0:05:38]} 25. Qf3 {[%emt 0:01:30]} Nb6 {[%emt 0:05:15]} 26. Nd3 {[%emt 0:03:30]} Nd7 {[%emt 0:00:43] [#]} 27. Nb4 $11 {[%emt 0:15:14]} (27. f5 $1 $16 {[%mdl 512]} gxf5 (27... exf5 28. Rxe8+) 28. Bf4) 27... Nb6 {[%emt 0:02:51]} 28. h4 {[%emt 0:02:03]} e5 {[%emt 0:02:52]} 29. f5 {[%emt 0:01:36]} e4 {[%emt 0:01:16]} 30. Qh3 {[%emt 0:03:43]} a5 {[%emt 0:00:50]} 31. Nc2 {[%emt 0:00:21]} Bf8 {[%emt 0:00:58]} 32. Ne3 {[%emt 0:03:36]} Bg7 {[%emt 0:01:05]} 33. g3 {[%emt 0:02:34]} Red8 {[%emt 0:00:34]} 34. Rh2 {[%emt 0:01:20]} Qd7 {[%emt 0:00:21]} 35. g4 {[%emt 0:00:47]} Nc4 {[%emt 0:00:35]} 36. Ng2 {[%emt 0:02:17]} Nd6 {[%emt 0:00:31]} 37. Rf1 {[%emt 0:01:18]} b5 {[%emt 0:00:30]} 38. Ne3 {[%emt 0:02:04]} Nc4 {[%emt 0:00:30]} 39. g5 {[%emt 0:00:40]} Nxe3 {[%emt 0:00:23]} 40. Bxe3 {[%emt 0:00:00]} Bh8 {[%emt 0:00:00]} 41. h5 {[%emt 0:03:57]} b4 {[%emt 0:13:59]} 42. hxg6 {[%emt 0:06:30]} bxc3 {[%emt 0:05:04]} 43. gxh7+ {[%emt 0:01:30]} Kf8 {[%emt 0:00:48]} 44. gxf6 {[%emt 0:01:30]} 1-0

[Event "World Junior U20 Girls 2018"]
[Site "Gebze"]
[Date "2018.09.11"]
[Round "7"]
[White "Duran, Esma Doga"]
[Black "Tian, Shi Yuan"]
[Result "0-1"]
[WhiteElo "1825"]
[BlackElo "1923"]
[Annotator "NA"]
[PlyCount "130"]
[EventDate "2018.09.05"]
[EventType "swiss"]
[EventCountry "TUR"]
[SourceTitle "playchess.com"]
[Source "ChessBase"]
[SourceQuality "1"]
[TimeControl "40/5400+30:1800+30"]

1. d4 {[%emt 0:00:30]} d5 {[%emt 0:00:30]} 2. c4 {[%emt 0:00:30]} c6 {[%emt 0:00:30]} 3. Nf3 {[%emt 0:00:00]} Nf6 {[%emt 0:00:00]} 4. Nc3 {[%emt 0:00:00]} dxc4 {[%emt 0:00:00]} 5. a4 {[%emt 0:00:00]} Bf5 {[%emt 0:00:00]} 6. e3 {[%emt 0:01:00]} e6 {[%emt 0:00:00]} 7. Bxc4 {[%emt 0:00:30]} Bb4 {[%emt 0:00:00]} 8. O-O {[%emt 0:00:00]} Nbd7 {[%emt 0:00:00]} 9. Qe2 {[%emt 0:03:00]} O-O {[%emt 0:02:30]} 10. e4 {[%emt 0:01:30]} Bg6 {[%emt 0:00:30]} 11. Bd3 {[%emt 0:03:30]} Bh5 {[%emt 0:00:30]} 12. e5 {[%emt 0:16:30]} Nd5 {[%emt 0:00:00]} 13. Bd2 {[%emt 0:05:30] [#] D19: Slav Defence: 5 a4 Bf5 6 e3: Main line with 9 Qe2} Rc8 $146 {[%emt 0:16:00]} ({Predecessor:} 13... c5 14. Nxd5 Bxd2 15. Qxd2 Bxf3 16. gxf3 exd5 17. f4 cxd4 18. Rfc1 Re8 19. Bf5 Nf8 20. Ra3 Ne6 {0-1 (51) Sasikiran,K (2690)-Rublevsky,S (2680) Foros 2007}) 14. Nxd5 {[%emt 0:20:30]} Bxd2 {[%emt 0:00:30]} 15. Qxd2 {[%emt 0:00:30]} cxd5 {[%emt 0:05:30]} 16. Rac1 {[%emt 0:14:30]} Qe7 {[%emt 0:14:30]} 17. Qg5 {[%emt 0:03:30]} Qxg5 {[%emt 0:00:30]} 18. Nxg5 {[%emt 0:00:30]} Bg6 {[%emt 0:00:30]} 19. Bxg6 {[%emt 0:00:30]} hxg6 {[%emt 0:00:30]} 20. b3 {[%emt 0:00:30]} Nb8 {[%emt 0:11:30]} 21. Nf3 {[%emt 0:17:17]} Nc6 {[%emt 0:01:30]} 22. Rfd1 {[%emt 0:01:08]} Rfd8 {[%emt 0:12:30]} 23. Kf1 {[%emt 0:00:45]} Nb4 {[%emt 0:00:30]} 24. Ke2 {[%emt 0:01:23]} Na2 {[%emt 0:00:30]} 25. Rxc8 {[%emt 0:02:00]} Rxc8 {[%emt 0:00:30]} 26. Kd2 {[%emt 0:05:16]} Nc3 {[%emt 0:01:30]} 27. Rc1 {[%emt 0:01:36]} Ne4+ {[%emt 0:00:30]} 28. Kd1 {[%emt 0:00:30]} Nxf2+ {[%emt 0:00:00]} 29. Kd2 {[%emt 0:00:00]} Ne4+ $17 {[%emt 0:06:00]} 30. Kd1 {[%emt 0:00:00]} Rxc1+ {[%emt 0:00:30]} 31. Kxc1 {[%emt 0:00:00]} a5 {[%emt 0:00:30]} 32. Kc2 {[%emt 0:00:00]} Kf8 {[%emt 0:02:30]} 33. b4 {[%emt 0:00:26]} b6 {[%emt 0:00:30]} 34. Ne1 {[%emt 0:01:52]} Nf2 {[%emt 0:00:30]} 35. bxa5 {[%emt 0:00:43]} bxa5 {[%emt 0:00:30]} 36. Nf3 {[%emt 0:00:28]} Ne4 {[%emt 0:01:30]} 37. Ne1 {[%emt 0:00:46]} Ke7 {[%emt 0:00:30]} 38. Nd3 {[%emt 0:00:15]} Kd7 {[%emt 0:00:30]} 39. Kb3 {[%emt 0:00:37]} g5 {[%emt 0:02:30]} 40. Kc2 {[%emt 0:00:00]} Kc7 {[%emt 0:00:00]} 41. Kb3 {[%emt 0:03:28]} Nd2+ {[%emt 0:06:00]} 42. Kc3 {[%emt 0:00:30]} Nc4 {[%emt 0:00:30]} 43. Ne1 {[%emt 0:02:30]} Kd7 {[%emt 0:00:30]} 44. Nd3 {[%emt 0:01:30]} Ne3 {[%emt 0:05:30]} 45. Ne1 {[%emt 0:00:30]} Nf1 {[%emt 0:00:30]} 46. h3 {[%emt 0:01:30]} Ne3 {[%emt 0:00:30]} 47. Kd3 {[%emt 0:00:30]} Nc4 {[%emt 0:00:30]} 48. Kc3 {[%emt 0:00:30]} Ke7 {[%emt 0:02:30]} 49. Nf3 {[%emt 0:00:30]} f6 {[%emt 0:03:30]} 50. Kb3 {[%emt 0:01:30]} Kf7 {[%emt 0:04:30]} 51. Kc3 {[%emt 0:01:30]} Kg6 {[%emt 0:01:30]} 52. g4 {[%emt 0:00:30]} Kf7 {[%emt 0:00:30]} 53. Kc2 {[%emt 0:01:30]} Ke7 {[%emt 0:01:30]} 54. Kc3 {[%emt 0:00:30]} Kd7 {[%emt 0:00:00]} 55. Kc2 {[%emt 0:00:30]} Ne3+ {[%emt 0:00:00]} 56. Kd2 {[%emt 0:00:30]} Ng2 {[%emt 0:01:30]} 57. Ng1 {[%emt 0:02:30]} Nf4 {[%emt 0:00:30]} 58. Ke3 {[%emt 0:00:30]} Kc6 {[%emt 0:00:30]} 59. Kf3 {[%emt 0:06:01]} fxe5 {[%emt 0:00:30]} 60. dxe5 {[%emt 0:00:30]} Nd3 {[%emt 0:00:30]} 61. Ke3 {[%emt 0:00:30]} Nxe5 {[%emt 0:00:30]} 62. Kd4 {[%emt 0:00:30]} Kd6 {[%emt 0:00:30]} 63. Ne2 {[%emt 0:00:11]} Nc6+ {[%emt 0:00:30]} 64. Kd3 {[%emt 0:00:48]} e5 {[%emt 0:02:30]} 65. Nc3 {[%emt 0:02:23]} e4+ {[%emt 0:00:30]} 0-1

[Event "World Junior U20 Girls 2018"]
[Site "Gebze"]
[Date "2018.09.11"]
[Round "7"]
[White "Catal, Uktenur"]
[Black "Ayan, Bengu Sena"]
[Result "1-0"]
[WhiteElo "1809"]
[BlackElo "1976"]
[Annotator "NA"]
[PlyCount "109"]
[EventDate "2018.09.05"]
[EventType "swiss"]
[EventCountry "TUR"]
[SourceTitle "playchess.com"]
[Source "ChessBase"]
[SourceQuality "1"]
[TimeControl "40/5400+30:1800+30"]

1. d4 {[%emt 0:00:30]} d5 {[%emt 0:00:30]} 2. c4 {[%emt 0:00:30]} c6 {[%emt 0:00:30]} 3. Nf3 {[%emt 0:00:00]} Nf6 {[%emt 0:00:00]} 4. e3 {[%emt 0:00:00]} a6 {[%emt 0:00:00]} 5. Nc3 {[%emt 0:00:00]} b5 {[%emt 0:00:00]} 6. b3 {[%emt 0:00:00]} e6 {[%emt 0:02:00] D15: Slav Defence: 4 Nc3 a6 and gambit lines after 4 Nc3 dxc4} (6... Bg4 7. cxd5 cxd5 8. Bd3 e6 9. a4 b4 10. Ne2 Bxf3 11. gxf3 Be7 12. Bd2 O-O 13. Rc1 Qd7 14. Qc2 Bd6 {1-0 (28) Aronian,L (2805)-Laznicka,V (2647) Riadh 2017}) 7. Bb2 {[%emt 0:00:30]} Nbd7 {[%emt 0:03:30]} 8. c5 {[%emt 0:08:30]} g6 {[%emt 0:01:30]} 9. Be2 $146 {[%emt 0:00:30]} ({Predecessor:} 9. Bd3 Bg7 10. h3 O-O 11. Qc2 Qe7 12. O-O Ne8 13. b4 e5 14. dxe5 Nxe5 15. Nxe5 Bxe5 {1-0 (42) Gupta,A (2619)-Palit,S (2418) Kanpur 2014}) 9... Bg7 {[%emt 0:00:30]} 10. O-O {[%emt 0:00:30]} O-O {[%emt 0:00:30]} 11. b4 {[%emt 0:00:30]} Qc7 {[%emt 0:02:30]} 12. Qc2 {[%emt 0:03:30]} a5 {[%emt 0:06:30]} 13. a3 {[%emt 0:01:30]} Bb7 {[%emt 0:01:30]} 14. Rfc1 {[%emt 0:11:30]} Rfc8 {[%emt 0:06:30]} 15. Qd2 {[%emt 0:26:30]} axb4 {[%emt 0:10:30]} 16. axb4 {[%emt 0:00:00]} Rxa1 {[%emt 0:00:30]} 17. Rxa1 {[%emt 0:00:00]} Ra8 {[%emt 0:00:30]} 18. Qc2 {[%emt 0:01:30]} Qc8 {[%emt 0:04:30]} 19. Nd2 {[%emt 0:02:30]} Ne8 {[%emt 0:03:30]} 20. Rxa8 {[%emt 0:02:30]} Bxa8 {[%emt 0:00:30]} 21. Nb3 {[%emt 0:00:30]} e5 {[%emt 0:02:30]} 22. Nb1 {[%emt 0:02:30]} Nc7 {[%emt 0:00:30]} 23. Na5 {[%emt 0:11:30]} Ne6 {[%emt 0:06:30]} 24. dxe5 {[%emt 0:01:30]} Nxe5 {[%emt 0:01:30]} 25. Nd2 {[%emt 0:00:30]} Qc7 {[%emt 0:02:30]} 26. Ndb3 {[%emt 0:01:30]} Bb7 {[%emt 0:02:30]} 27. Nd4 $14 {[%emt 0:02:30]} Bc8 {[%emt 0:03:30]} 28. f4 {[%emt 0:05:22]} Nxd4 {[%emt 0:01:30]} 29. Bxd4 {[%emt 0:00:10]} Nd7 {[%emt 0:06:30]} (29... Nc4 $1 $11) 30. Bxg7 {[%emt 0:01:16]} Kxg7 {[%emt 0:00:30]} 31. Qc3+ {[%emt 0:00:30]} Kg8 {[%emt 0:01:30]} 32. Bg4 {[%emt 0:02:54]} Nf8 {[%emt 0:07:30]} 33. Bxc8 {[%emt 0:01:09]} Qxc8 {[%emt 0:00:00]} 34. Qe5 {[%emt 0:00:32]} Nd7 {[%emt 0:03:00]} 35. Qd6 {[%emt 0:00:59]} Nb8 {[%emt 0:00:30]} 36. Kf2 {[%emt 0:00:18]} h5 {[%emt 0:01:30]} 37. h3 {[%emt 0:00:57]} Kg7 {[%emt 0:03:25]} 38. Qe5+ {[%emt 0:04:03]} Kg8 {[%emt 0:00:44]} 39. Qd6 {[%emt 0:01:10]} Kg7 {[%emt 0:01:54]} 40. Qe5+ {[%emt 0:00:00]} Kg8 {[%emt 0:00:00]} 41. Qf6 {[%emt 0:00:40]} Qd7 {[%emt 0:05:27]} 42. g4 {[%emt 0:04:30]} hxg4 {[%emt 0:03:30]} 43. hxg4 {[%emt 0:00:30]} Kh7 {[%emt 0:03:30]} 44. f5 {[%emt 0:00:30]} gxf5 {[%emt 0:15:30]} 45. gxf5 {[%emt 0:00:30]} d4 {[%emt 0:08:09]} 46. exd4 {[%emt 0:10:30]} Qd5 {[%emt 0:00:28]} 47. Ke3 {[%emt 0:01:30]} Kg8 {[%emt 0:04:18]} 48. Qe5 {[%emt 0:02:30]} Qd8 {[%emt 0:00:25]} 49. f6 {[%emt 0:00:30]} Kf8 {[%emt 0:03:17]} 50. Kd3 {[%emt 0:02:44]} Nd7 {[%emt 0:04:10]} 51. Qd6+ {[%emt 0:00:26]} Kg8 {[%emt 0:00:17]} 52. Nxc6 {[%emt 0:01:26]} Qa8 {[%emt 0:00:20]} 53. Qxd7 {[%emt 0:00:44]} Qa3+ {[%emt 0:00:10]} 54. Ke4 {[%emt 0:00:09]} Qb3 {[%emt 0:00:23]} 55. Qg4+ {[%emt 0:00:19]} 1-0

[Event "World Junior U20 Girls 2018"]
[Site "Gebze"]
[Date "2018.09.11"]
[Round "7"]
[White "Caxita, Esperanca"]
[Black "Anandpara Jayendra Saloni"]
[Result "1-0"]
[WhiteElo "1803"]
[BlackElo "1326"]
[Annotator "NA"]
[PlyCount "66"]
[EventDate "2018.09.05"]
[EventType "swiss"]
[EventCountry "TUR"]
[SourceTitle "playchess.com"]
[Source "ChessBase"]
[SourceQuality "1"]
[TimeControl "40/5400+30:1800+30"]

1. e4 {[%emt 0:00:30]} c5 {[%emt 0:00:30]} 2. Nf3 {[%emt 0:00:30]} d6 {[%emt 0:00:00]} 3. d4 {[%emt 0:00:00]} cxd4 {[%emt 0:00:00]} 4. Nxd4 {[%emt 0:00:00]} Nf6 {[%emt 0:00:00]} 5. Nc3 {[%emt 0:00:30]} a6 {[%emt 0:00:00]} 6. Be2 {[%emt 0:01:30]} e5 {[%emt 0:01:30]} 7. Nb3 {[%emt 0:01:30]} Be6 {[%emt 0:05:30]} 8. Bg5 {[%emt 0:00:30]} Nbd7 {[%emt 0:01:30]} 9. O-O {[%emt 0:01:30]} Be7 {[%emt 0:00:30]} 10. Qd2 {[%emt 0:02:30]} b5 {[%emt 0:01:30] B92: Sicilian Najdorf: 6 Be2} (10... O-O 11. f3 Rc8 12. Rfd1 Qc7 13. Kh1 Rfd8 14. Rac1 Nb6 15. Bxf6 Bxf6 16. Nd5 Bxd5 17. exd5 h6 18. Qd3 {0-1 (67) Lacina,A (2227)-Vlasak,L (2308) Klatovy 2011}) 11. Qe3 $146 {[%emt 0:10:30]} ({Predecessor:} 11. a3 O-O 12. Rad1 Rc8 13. h3 Qc7 14. Be3 Rfd8 15. Qe1 Nb6 16. f3 d5 17. exd5 Nfxd5 18. Bd2 Nxc3 19. Bxc3 {0-1 (25) Janjic,J (1981)-Nenezic,D (2116) Sarajevo 2018}) 11... Qb6 {[%emt 0:18:30]} 12. Qf3 {[%emt 0:16:30]} Bg4 {[%emt 0:10:30]} 13. Qd3 {[%emt 0:01:30]} Bxe2 {[%emt 0:00:30]} 14. Nxe2 {[%emt 0:01:30]} Qc6 {[%emt 0:10:30]} 15. Ng3 {[%emt 0:00:30]} g6 {[%emt 0:07:30]} 16. c3 {[%emt 0:03:30]} h5 {[%emt 0:08:30]} 17. h4 {[%emt 0:02:30]} Nh7 {[%emt 0:00:30]} 18. Bxe7 {[%emt 0:00:30]} Kxe7 {[%emt 0:00:30]} 19. Rfd1 {[%emt 0:00:30]} Rad8 {[%emt 0:00:30]} 20. Qe3 {[%emt 0:00:30]} Nc5 {[%emt 0:09:30]} 21. Rd2 {[%emt 0:07:30]} Ne6 $16 {[%emt 0:02:30]} (21... Nf6 $11 {keeps the balance.}) 22. Rad1 {[%emt 0:01:30]} Nf6 {[%emt 0:06:12]} 23. Qa7+ {[%emt 0:01:30]} Rd7 {[%emt 0:06:43]} 24. Na5 {[%emt 0:01:30]} Rxa7 {[%emt 0:03:33]} 25. Nxc6+ {[%emt 0:00:30]} Kf8 {[%emt 0:00:20]} 26. Nxa7 {[%emt 0:00:00]} Nc5 {[%emt 0:00:59]} 27. Rxd6 {[%emt 0:01:00]} Nfxe4 {[%emt 0:01:02]} 28. Nxe4 {[%emt 0:00:30]} Nxe4 {[%emt 0:00:00]} 29. Rxa6 {[%emt 0:00:30]} Kg7 {[%emt 0:00:16]} 30. Nc6 {[%emt 0:00:00]} Re8 {[%emt 0:00:52]} 31. Rd5 {[%emt 0:01:00]} Nf6 {[%emt 0:01:10]} 32. Rxe5 {[%emt 0:00:30]} Rxe5 {[%emt 0:00:34]} 33. Nxe5 {[%emt 0:00:00]} Ng8 {[%emt 0:01:10]} 1-0